00467 2200193 4500001002100000005001500021008004100036020002200077035001900099041000700118082001000125090001600135100002100151245002000172260001600192300002400208500001000232650003100242INLIS00000000000482120241224113002241224||||||||| | ||| |||| || |  a978-602-0832-19-7 0010-1224004821 aid0 a741.5 a741.5 NYO j0 aNyoman Sri Utami00ajadilah temanku busaidc2015 a20hlm.;ilus.; 20 cm acet.1 0ailmu kesenian dan olahraga